| 000 | 01212nam a22002297a 4500 | ||
|---|---|---|---|
| 005 | 20140616155940.0 | ||
| 010 | _aENG-110212 | ||
| 020 |
_a9788132117698 _c750.00 |
||
| 035 | _aEN-93744 | ||
| 037 | _bDBAD/PUB | ||
| 082 | _a305.800954133 | ||
| 245 |
_aState of the adivasis in Odisha 2014: _ba human development analysis / _cedited by Harishwar Dayal...[et al] |
||
| 260 |
_aNew Delhi _bSAGE Publications _c2014 |
||
| 270 |
_aB1/I-1 Mohan Cooperative Industrial Area Mathura Road _bNew Delhi _e110044 |
||
| 300 |
_axxv,101p. _c28cm(pbk) |
||
| 500 | _aIncludes bibliographical references and index | ||
| 505 | _a Introduction and overview -- The Adivasis : their land and their life -- Health status -- Education level -- Livelihood patterns of Adivasis in Oodisha -- Poverty among the tribals -- Development induced displacement of the adivasis -- Deprivation, vulnerability and gender inequality of the tribals -- Development initiatives for Adivasis of Odisha -- Conclusions and the way ahead. | ||
| 650 |
_a Rural poor _xEmployment _zIndia _zOrissa. |
||
| 650 |
_aAdivasis _zIndia _zOrissa _xSocial conditions. |
||
| 700 | _aDayal, Harishwar | ||
| 942 |
_2ddc _cEN _mSTA _h305.800954133 |
||
| 999 |
_c85092 _d85092 |
||